000 00967nam a2200193 a 4500
008 130327s1994 ||||||||||||||||| || u
020 _a0435923021
050 _aQ 162 Bye
100 _aChilds, Ann
245 1 4 _aThe science teachers' handbook: ideas and activities for every classroom
_cby Andy Byers; Ann Childs; Chris Laine
260 _aLondon:
_bHeienemann
_c1994
300 _a128p.: ill.
650 _aSCIENCE--HANDBOOKS, MANUALS, ETC
700 _aLaine, Chris
700 _aByers, Andy
995 _aANNEX COLLECTION (Main Library)
_e743540
_FCBU-MAIN LIBRARY (Kitwe)
_jQ 162 Bye
_M2
_UAVAILABLE
_WMay 9, 2013
_y743540
_ZAnnex Low-Usage Collection
995 _aMAIN LIBRARY OPEN ACCESS
_e743541
_FCBU-MAIN LIBRARY (Kitwe)
_jQ 162 Bye
_M3
_UAVAILABLE
_WMay 9, 2013
_y743541
_ZMain Library Open Access Collection
995 _aMAIN LIBRARY OPEN ACCESS
_e743539
_FCBU-MAIN LIBRARY (Kitwe)
_jQ 162 Bye
_M1
_UAVAILABLE
_WMay 9, 2013
_y743539
_ZMain Library Open Access Collection
999 _c80359
_d80359